[Event "Niedersachsen-ch op"]
[Site "Verden"]
[Date "2016.01.04"]
[Round "4"]
[White "Helmer, Jan"]
[Black "Roehrkasten, Reinhard"]
[Result "1/2-1/2"]
[WhiteElo "1780"]
[BlackElo "1968"]
[PlyCount "47"]
[EventDate "2016.01.03"]
[EventType "swiss"]
[EventRounds "7"]
[EventCountry "GER"]
[SourceTitle "EXT 2018"]
[Source "ChessBase"]
[SourceDate "2017.10.13"]
[SourceVersion "1"]
[SourceVersionDate "2017.10.13"]
[SourceQuality "1"]

1. d4 Nf6 2. Nf3 d5 3. e3 Bg4 4. c4 c6 5. cxd5 Bxf3 6. Qxf3 Qxd5 7. Qxd5 cxd5 8. Nc3 a6 9. Bd3 Nc6 10. a3 e6 11. 0-0 Be7 12. Bd2 0-0 13. Rac1 Rfd8 14. Ne2 Rac8 15. f3 Nd7 16. Rc2 Bf6 17. Rfc1 Ra8 18. f4 Be7 19. e4 Nb6 20. e5 f6 21. Rf1 Rf8 22. Rcc1 fxe5 23. fxe5 Rxf1+ 24. Kxf1 1/2-1/2

[Event "Niedersachsen-ch op-A"]
[Site "Verden"]
[Date "2015.01.05"]
[Round "7"]
[White "Roehrkasten, Reinhard"]
[Black "Nogatz, Falco"]
[Result "1/2-1/2"]
[WhiteElo "1971"]
[BlackElo "1775"]
[PlyCount "74"]
[EventDate "2015.01.02"]
[EventType "swiss"]
[EventRounds "7"]
[EventCountry "GER"]
[SourceTitle "EXT 2018"]
[Source "ChessBase"]
[SourceDate "2017.10.13"]
[SourceVersion "1"]
[SourceVersionDate "2017.10.13"]
[SourceQuality "1"]

1. d4 f5 2. c4 Nf6 3. Nf3 g6 4. Nc3 Bg7 5. Qc2 0-0 6. Bg5 d6 7. e3 Nbd7 8. Be2 c6 9. 0-0 e5 10. dxe5 dxe5 11. Rfd1 e4 12. Ne5 Qe7 13. Nxd7 Bxd7 14. Rd2 Rad8 15. Rad1 Be6 16. h3 Rfe8 17. Bf4 Rd7 18. Bd6 Qf7 19. Qa4 a6 20. Bc5 Red8 21. Rxd7 Rxd7 22. Bd4 Ne8 23. Bxg7 Kxg7 24. c5 Rxd1+ 25. Bxd1 Qd7 26. Be2 Nf6 27. Qb4 Kg8 28. a3 Nd5 29. Nxd5 Bxd5 30. Qd4 Qg7 31. g3 Kf7 32. Qxg7+ Kxg7 33. g4 Kf6 34. Kh2 Ke5 35. Kg3 Bb3 36. gxf5 gxf5 37. Kh4 a5 1/2-1/2

[Event "Hannover-chC"]
[Site "Lehrte"]
[Date "2014.10.26"]
[Round "4"]
[White "Nuelle, Sascha"]
[Black "Roehrkasten, Reinhard"]
[Result "1/2-1/2"]
[WhiteElo "1870"]
[BlackElo "1923"]
[PlyCount "46"]
[EventDate "2014.10.25"]
[EventType "swiss"]
[EventRounds "7"]
[EventCountry "GER"]
[SourceTitle "EXT 2021"]
[Source "ChessBase"]
[SourceDate "2020.10.23"]
[SourceVersion "1"]
[SourceVersionDate "2020.10.23"]
[SourceQuality "1"]

1. Nf3 d5 2. d4 Nf6 3. c4 e6 4. Nc3 Nbd7 5. cxd5 exd5 6. Bg5 Be7 7. e3 0-0 8. Be2 Re8 9. Rc1 c6 10. 0-0 Nf8 11. Qc2 Ne4 12. Bxe7 Qxe7 13. Nxe4 dxe4 14. Nd2 Ng6 15. Qc5 Qf6 16. b4 Nh4 17. Rfd1 Qg6 18. g3 Bg4 19. Bxg4 Qxg4 20. h3 Qxh3 21. gxh4 Re6 22. Nf1 Rg6+ 23. Ng3 Rxg3+ 1/2-1/2

[Event "Niedersachsen-ch op-B"]
[Site "Verden"]
[Date "2012.01.04"]
[Round "6"]
[White "Schulze, Torben"]
[Black "Roehrkasten, Reinhard"]
[Result "1-0"]
[WhiteElo "2276"]
[BlackElo "1924"]
[PlyCount "55"]
[EventDate "2012.01.02"]
[EventType "swiss"]
[EventRounds "7"]
[EventCountry "GER"]
[SourceTitle "EXT 2021"]
[Source "ChessBase"]
[SourceDate "2020.10.23"]
[SourceVersion "1"]
[SourceVersionDate "2020.10.23"]
[SourceQuality "1"]

1. e4 c6 2. d4 d5 3. e5 Bf5 4. Nf3 e6 5. Be2 Nd7 6. 0-0 Ne7 7. Nbd2 Rc8 8. Nb3 c5 9. Nxc5 Nxc5 10. dxc5 Rxc5 11. Be3 Rc8 12. Bb5+ Nc6 13. Nd4 Bg6 14. c4 dxc4 15. Nxc6 bxc6 16. Qxd8+ Kxd8 17. Bxc4 Be4 18. Bxa7 Kc7 19. Bd4 g6 20. Rfd1 Bg7 21. f4 Rhd8 22. Bc5 Bd5 23. Rac1 Ra8 24. a3 Ra4 25. b3 Raa8 26. a4 Bf8 27. Bxf8 Rxf8 28. Bxd5 1-0

[Event "Hannover-ch C/D"]
[Site "Lehrte"]
[Date "2008.10.12"]
[Round "3"]
[White "Hampel, Felix"]
[Black "Roehrkasten, Reinhard"]
[Result "1-0"]
[WhiteElo "1871"]
[BlackElo "1899"]
[PlyCount "137"]
[EventDate "2008.10.11"]
[EventType "swiss"]
[EventRounds "7"]
[EventCountry "GER"]
[SourceTitle "EXT 2021"]
[Source "ChessBase"]
[SourceDate "2020.10.23"]
[SourceVersion "1"]
[SourceVersionDate "2020.10.23"]
[SourceQuality "1"]

1. d4 d5 2. Nf3 Nf6 3. e3 Bg4 4. c4 Bxf3 5. Qxf3 e6 6. Nc3 c6 7. Bd3 Be7 8. 0-0 Nbd7 9. Bd2 0-0 10. Rfe1 dxc4 11. Bxc4 e5 12. Rad1 exd4 13. exd4 Nb6 14. Bb3 Re8 15. Bc1 Nfd5 16. Ne4 Qc7 17. Bc2 g6 18. Ng5 Bf6 19. Qh3 h5 20. Ne4 Bg7 21. Qf3 Rad8 22. Bg5 Rc8 23. h3 Re6 24. g4 hxg4 25. hxg4 Rce8 26. Kg2 f6 27. Bc1 Nc4 28. Rh1 g5 29. Qf5 Nd6 30. Qh7+ Kf8 31. Nc5 Re2 32. Bd3 R2e7 33. Qg6 b6 34. Na4 Qc8 35. Kg3 Nb4 36. Bb1 Qc7 37. Kg2 Qc8 38. Qh5 Ne4 39. a3 Nd5 40. Bd3 Qc7 41. Qh2 Qd7 42. f3 Nd6 43. Qg3 Nb5 44. Be4 Rxe4 45. fxe4 Rxe4 46. Kh3 Nxd4 47. Nc3 Nf4+ 48. Kh2 Nfe2 49. Nxe2 Rxe2+ 50. Kh3 c5 51. Rhe1 Rxe1 52. Rxe1 Qb7 53. Qe3 Qf3+ 54. Qxf3 Nxf3 55. Rf1 Nd4 56. Bxg5 Ke7 57. Be3 Ne6 58. Rd1 Bf8 59. Kg3 Kf7 60. Rd7+ Kg6 61. Rxa7 Bd6+ 62. Kf3 Nd4+ 63. Bxd4 cxd4 64. Rd7 Be5 65. b4 f5 66. a4 fxg4+ 67. Kxg4 Kf6 68. a5 Ke6 69. a6 1-0

[Event "Niedersachsen-ch"]
[Site "Verden"]
[Date "2008.01.03"]
[Round "1"]
[White "Elborg, Cornelia"]
[Black "Roehrkasten, Reinhard"]
[Result "0-1"]
[WhiteElo "1580"]
[BlackElo "1967"]
[PlyCount "54"]
[EventDate "2008.01.03"]
[EventType "swiss"]
[EventRounds "7"]
[EventCountry "GER"]
[SourceTitle "EXT 2010"]
[Source "ChessBase"]
[SourceDate "2010.11.25"]
[SourceVersion "1"]
[SourceVersionDate "2010.11.25"]
[SourceQuality "1"]

1. e4 c6 2. d3 d5 3. Nf3 dxe4 4. dxe4 Qxd1+ 5. Kxd1 Nf6 6. Bd3 Bg4 7. Nbd2 Nbd7 8. h3 Bh5 9. Be2 e6 10. Nd4 Bc5 11. c3 0-0-0 12. f3 Bxd4 13. cxd4 Nb6 14. Nb3 e5 15. Be3 Kb8 16. g4 Bg6 17. h4 h6 18. Rc1 Na4 19. Kc2 Nd5 20. Bd2 exd4 21. Nxd4 Nf6 22. Be3 Rhe8 23. Bc4 Nxe4 24. h5 Bh7 25. Bxf7 Nd6+ 26. Kb3 Rxe3+ 27. Kxa4 Nxf7 0-1

[Event "Hannover-ch C/D"]
[Site "Bueckeburg"]
[Date "2007.11.03"]
[Round "5"]
[White "Roehrkasten, Reinhard"]
[Black "Edel, Thomas"]
[Result "0-1"]
[WhiteElo "1886"]
[BlackElo "1976"]
[PlyCount "66"]
[EventDate "2007.11.01"]
[EventType "swiss"]
[EventRounds "7"]
[EventCountry "GER"]
[SourceTitle "EXT 2021"]
[Source "ChessBase"]
[SourceDate "2020.10.23"]
[SourceVersion "1"]
[SourceVersionDate "2020.10.23"]
[SourceQuality "1"]

1. d4 Nf6 2. Nf3 d6 3. c4 Nbd7 4. Nc3 c6 5. e4 e5 6. Be2 Be7 7. 0-0 a6 8. h3 b5 9. a3 0-0 10. d5 cxd5 11. cxd5 h6 12. Be3 Nh7 13. Qd2 Ndf6 14. Rfd1 Nxe4 15. Nxe4 f5 16. Nc3 f4 17. Bc5 dxc5 18. Nxe5 Bd6 19. Nc6 Qe8 20. Bf3 Ng5 21. Qe2 Qxe2 22. Bxe2 f3 23. Bxf3 Bxh3 24. Ne4 Nxe4 25. Bxe4 Bf5 26. Re1 Rae8 27. Bf3 g5 28. Bh5 Re4 29. f3 Rxe1+ 30. Rxe1 Kg7 31. Kf2 c4 32. Ke3 Bg3 33. Re2 Bd3 0-1

[Event "Niedersachsen-ch"]
[Site "Verden"]
[Date "2006.01.07"]
[Round "6"]
[White "Borrink, Joern"]
[Black "Roehrkasten, Reinhard"]
[Result "1/2-1/2"]
[WhiteElo "1724"]
[BlackElo "1875"]
[PlyCount "131"]
[EventDate "2006.01.??"]
[EventType "swiss"]
[EventRounds "7"]
[EventCountry "GER"]
[SourceTitle "CBM 110 Extra"]
[Source "ChessBase"]
[SourceDate "2006.03.10"]
[SourceVersion "2"]
[SourceVersionDate "2006.03.10"]
[SourceQuality "1"]

1. e4 c6 2. d4 d5 3. e5 Bf5 4. Nf3 e6 5. c3 Nd7 6. Be2 c5 7. 0-0 Ne7 8. Nbd2 Nc6 9. Re1 Qb6 10. Nf1 Be7 11. b3 cxd4 12. Nxd4 Nxd4 13. Qxd4 Qxd4 14. cxd4 Rc8 15. Bd2 0-0 16. Rec1 Ba3 17. Rxc8 Rxc8 18. Be3 Rc2 19. Bb5 Nb8 20. Ng3 Bg6 21. Bf1 Nc6 22. Ne2 Nb4 23. Bc1 Bxc1 24. Nxc1 Rd2 25. Ne2 Rxa2 26. Rc1 Rc2 27. Rd1 a6 28. f3 h6 29. h4 Kf8 30. Nc1 Ke7 31. Bd3 Nxd3 32. Nxd3 Bxd3 33. Rxd3 Kd7 34. Kh2 Kc6 35. Kh3 Kb5 36. g4 g5 37. f4 gxf4 38. Rf3 Kb4 39. Rxf4 Rc3+ 40. Kg2 Rc7 41. Rf3 b5 42. h5 a5 43. g5 hxg5 44. h6 a4 45. h7 Rc8 46. bxa4 bxa4 47. Rxf7 Rh8 48. Kf3 a3 49. Rb7+ Kc3 50. Ke3 a2 51. Rc7+ Kb4 52. Rb7+ Kc3 53. Rc7+ Kb2 54. Rb7+ Kc1 55. Rc7+ Kd1 56. Ra7 Rxh7 57. Rxh7 Kc2 58. Ra7 Kb2 59. Kf3 a1Q 60. Rxa1 Kxa1 61. Kg4 Kb2 62. Kxg5 Kc3 63. Kf6 Kxd4 64. Kxe6 Kc4 65. Kf5 d4 66. e6 1/2-1/2

[Event "Niedersachsen-ch"]
[Site "Verden"]
[Date "2006.01.05"]
[Round "1"]
[White "Gawollek, Hans"]
[Black "Roehrkasten, Reinhard"]
[Result "0-1"]
[WhiteElo "1350"]
[BlackElo "1875"]
[PlyCount "33"]
[EventDate "2006.01.??"]
[EventType "swiss"]
[EventRounds "7"]
[EventCountry "GER"]
[SourceTitle "CBM 110 Extra"]
[Source "ChessBase"]
[SourceDate "2006.03.10"]
[SourceVersion "2"]
[SourceVersionDate "2006.03.10"]
[SourceQuality "1"]

1. c4 Nf6 2. d4 e6 3. Nc3 d5 4. e3 Nbd7 5. Nf3 a6 6. b3 Bb4 7. Bd2 c5 8. dxc5 Nxc5 9. cxd5 exd5 10. a3 Bxc3 11. Bxc3 0-0 12. Be2 Nce4 13. Bd4 Bg4 14. 0-0 Rc8 15. Rc1 Qa5 16. h3 Bxf3 17. Bxf3 0-1

[Event "Niedersachsen-ch"]
[Site "Verden"]
[Date "2006.01.05"]
[Round "2"]
[White "Roehrkasten, Reinhard"]
[Black "Krensing, Jan"]
[Result "1/2-1/2"]
[WhiteElo "1875"]
[BlackElo "2253"]
[PlyCount "29"]
[EventDate "2006.01.??"]
[EventType "swiss"]
[EventRounds "7"]
[EventCountry "GER"]
[SourceTitle "CBM 110 Extra"]
[Source "ChessBase"]
[SourceDate "2006.03.10"]
[SourceVersion "2"]
[SourceVersionDate "2006.03.10"]
[SourceQuality "1"]

1. d4 Nf6 2. Nf3 c5 3. c4 cxd4 4. Nxd4 g6 5. Nc3 Bg7 6. e4 Nc6 7. Be2 Nxe4 8. Nxc6 Nxc3 9. Nxd8 Nxd1 10. Nxf7 Nxf2 11. Rf1 Kxf7 12. Rxf2+ Ke8 13. Bf3 Rb8 14. Bf4 d6 15. Re2 1/2-1/2

[Event "Niedersachsen-ch"]
[Site "Bad Lauterberg"]
[Date "2003.04.15"]
[Round "6.10"]
[White "Schoengart, Ralf"]
[Black "Roehrkasten, Reinhard"]
[Result "1-0"]
[WhiteElo "2000"]
[BlackElo "1828"]
[PlyCount "49"]
[EventDate "2003.??.??"]
[EventType "swiss"]
[EventRounds "9"]
[EventCountry "GER"]
[SourceTitle "EXT 2004"]
[Source "ChessBase"]
[SourceDate "2003.11.25"]
[SourceVersion "1"]
[SourceVersionDate "2003.11.25"]
[SourceQuality "1"]

1. d4 d5 2. c4 e6 3. Nc3 dxc4 4. e3 Nf6 5. Bxc4 a6 6. Nf3 c5 7. 0-0 Nc6 8. a3 Be7 9. dxc5 Qxd1 10. Rxd1 Bxc5 11. b4 Be7 12. Bb2 b5 13. Nxb5 axb5 14. Bxb5 Bd7 15. Rxd7 Kxd7 16. Ne5+ Kc7 17. Bxc6 Rad8 18. Rc1 Rd2 19. Bd4 Kb8 20. Nxf7 Rc8 21. b5 Ne4 22. f3 Nf2 23. Ra1 Nd3 24. Ne5 Bc5 25. Nd7+ 1-0